000 01710cam a22004694i 4500
003 PE-LiUPU
005 20250731173437.0
008 150616s1974 sp a r 000 0 spa d
020 _a8428005478
035 _a(Sirsi) i9788428005470
040 _aPE-LiUPU
_bspa
_cPE-LiUPU
_erda
049 _aPRUA
082 0 4 _a282.098
_bD98
_221
100 1 _aDussel, Enrique D.,
_eautor.
245 1 0 _aHistoria de la Iglesia en América Latina.
264 1 _aBarcelona :
_bEditorial Nova Terra,
_c1974.
300 _a466 páginas :
_bIlustraciones ;
_c21 centímetros.
336 _atext
_2rdacontent
337 _aunmediated
_2rdamedia
338 _avolume
_2rdacarrier
490 0 _aEl Sentido de la Historia ;
_v5
505 0 _aHermeneútica -- La cristiandad de las Indias Occidentales -- Agonía de la cristiandad colonial -- La iglesia ante la liberación latinoamericana (1962).
526 _aSEG42
526 _aSEG41
526 _aSEG40
526 _aSEG39
526 _aP94
526 _aP87
526 _aP86
526 _aP85
526 _aP77
526 _aP76
526 _aP35
650 0 4 _aIGLESIA CATOLICA - HISTORIA - AMERICA LATINA - SIGLO XV.
910 _ajck
_bjvq
_cjck
942 _2ddc
_cBOOK
949 _a282.098 D98
_wDEWEY
_c1
_i39505
_d2016-1-10
_e2016-1-10
_lCCODEBUL1
_mBUL
_n1
_r0
_sY
_tBOOK
_u2015-6-16
_xTEOLOGIA
_zUNKNOWN
_0COMPRA
_o.STAFF. Colección Teología
994 _aC0
_bPEPRU
596 _a1
999 _a282.098 D98
_wDEWEY
_c56595
_i39505
_d56595
_e2016-1-10
_f2021-11-11
_g5
_lCCODEBUL1
_mBUL
_n1
_p33.00
_r0
_sY
_tBOOK
_u2015-6-16
_xTEOLOGIA
_PP35
_0COMPRA
_o.STAFF. Colección Teología
980 _81
_gALBERTO SANCHEZ Responsable de Automatización